000 00301nam a2200109Ia 4500
008 201223s9999 xx 000 0 und d
100 _aGruffydd, Bodfan
245 0 _aTree form, size and colour: A guide to selection, planting and design
260 _aLondon
_bE & F N Spon
300 _a243
942 _cBK
999 _c8225
_d8225